Diseño comparativo del sistema vial de la Urbanización Dent en pavimentos flexibles y rígidos

שמור ב:
מידע ביבליוגרפי
מחבר ראשי: Esquivel Dent, Juan M.
פורמט: לא ידוע
יצא לאור: [San José, Costa Rica] 1957
נושאים:
תגים: הוספת תג
אין תגיות, היה/י הראשונ/ה לתייג את הרשומה!

MARC

LEADER 00000 a2200000 4500
003 011053
005 20221231143803.0
008 140114s1957 c a m 000 ||s d
040 |c cru CEDI 
090 |a TFG 097-57 
100 |a Esquivel Dent, Juan M.  |9 17213 
245 |a Diseño comparativo del sistema vial de la Urbanización Dent en pavimentos flexibles y rígidos 
260 |c 1957  |a [San José, Costa Rica] 
300 |a [59] hojas : gráficos, planos ; 34 cm  
500 |a  Tesis (Ingeniero Civil) Universidad de Costa Rica.  
650 |x URBANISMO  |9 17214 
942 |c TFG 
999 |c 11986  |d 11986